000 00424nam a2200133Ia 4500
008 231019s9999 xx 000 0 und d
082 _a297.05
_bBUK-I
100 _aA.S.Bukhari, M.D Zafar, Dr.M.Yahya,Prof.Abdulsattar Shakir, Hafiz Aitebar Khan, Ahmad Awan & Z.S.Bukhari
245 0 _aIslamic Education Compulsory
260 _aLahore, Pakistan
_bAziz Book Depot
_c2017
300 _a371
650 _aIslamyat
999 _c34610
_d34610